000
00199 a2200097 4500
020
_a
087577917603
041
_a
spa
100
_a
French,vivian
245
_a
ojala fuera un extraterrestre
942
_c
BK
999
_c
11413
_d
11413